000 00456nam a2200169 i 4500
001 39725
003 ES-MaACL
005 20230906160052.0
007 t|
008 030304s1999 sp ||||1| spa d
100 1 _aCantalapiedra, Ricardo.
_934619
245 1 0 _aMúsica pop y juventud... /
_cRicardo Cantalapiedra.
250 _a[1ª ed.].
260 _a[Madrid] :
_bICCE,
_c[1973]
300 _a127 p. ;
_c21 cm.
852 _aES-MaACL
_jC-53954
_bR.86634
999 _c39725
_d39725